Presupuesto de ingresos del gobierno central, 1977
Enregistré dans:
| Collectivité auteur: | |
|---|---|
| Format: | Texte |
| Publié: |
San José:
CCSS. Microfotografía y Publicaciones
|
| Tags: |
Ajouter un tag
Pas de tags, Soyez le premier à ajouter un tag!
|
MARC
| LEADER | 00000 a a2200000 04500 | ||
|---|---|---|---|
| 001 | 17064 | ||
| 003 | |||
| 040 | |a CRAI/IIS |c CRAI/IIS | ||
| 090 | |a 020400 | ||
| 110 | |a Costa Rica. Contraloría General de la República | ||
| 245 | |a Presupuesto de ingresos del gobierno central, 1977 | ||
| 260 | |a San José: |b CCSS. Microfotografía y Publicaciones | ||
| 300 | |a 160 p | ||
| 999 | |c 7228 |d 7228 | ||
